000 00799nam a22002417a 4500
005 2011092208438.0
008 110922t xxu||||| |||| 00| 0 eng d
010 _aENG-103753
020 _c100.00
035 _aEN-87286
037 _bDBAD/PUB
040 _aDPL
_bEng
082 _a881
100 _934730
_aVasa Prabhavati
245 _aAssembly of waves /
_cby Vasa Prabhavati ; translated by Swatee Sripada
260 _aHyderabad
_bAuthor
_c2009
270 _a"Vasa Nilayam". 11/2 RT, Municipal Colony, Malakpet
_bHyderabad
_e500036
300 _a67p.
_c22cm (pbk)
650 _934754
700 _934731
_aSripada, Swatee
942 _2ddc
_cEN
_mVAS
_h881
999 _c56860
_d56860